00369 a2200121 450000100060000008200180000610000200002424500680004425000060011226000780011830000260019650000250022272735 a621.38153 MAN aMano, M. Morris aLogic and computer design fundamentals, 2nd EdcMorris Mano, M. a2 aSingaporebPearson Edu /low priced Ed, NJ /Singapore Priced Editionc2001 axvi, 650 pborigional aBE textbook Avionics